| 000 | 00444nam a2200157Ia 4500 | ||
|---|---|---|---|
| 003 | GCL | ||
| 008 | 140319s9999 xx 000 0 ara d | ||
| 040 |
_aGCL / _cGCL |
||
| 082 | 0 | 4 |
_a933.4 _bا ن |
| 100 | 1 | _aاحمد عثمان | |
| 245 | 1 | 0 |
_aتاريخ اليهود / _cاحمد عثمان |
| 490 |
_a100 قصة _v0 |
||
| 650 | 0 | 4 | _aاليهود - الاحوال الاجتماعية |
| 650 | 0 | 4 | _aاليهود - تاريخ |
| 942 |
_2ddc _cBK |
||
| 999 |
_c45043 _d45043 |
||